000
00198nam a2200085Ia 4500
008
120527s9999 xx 000 0 und d
100
_a
Davis, H. Mark
245
_a
Social Psychology 00/01
942
_c
BK
999
_c
27732
_d
27732